004300000a220010900045001000019000002450103000193000036001227730047001589420008002059520090002139990017003031 aMeier, John P.10aThe debate on the resurrection of the dead : An incident from the ministry of the historial Jesus? aNúm 77 (2000), Páginas 3-240 tJournal for the Study of the New Testament cANA 001040708HEMaFUSBCbFUSBCd2016-01-26l0o r2016-01-26 00:00:00w2016-01-26yANA c55963d55963